1050 1512 1512 1246 1404 1242 1959 1901 1490 1708 1549 1784 1006 1942 1712 1804 1966 1165 1354 1137 1489 1118 1691 1288 1385 1641 1069 1915 1608 1970 1966 1081 1088 1409 1659 1201 1925 1595 1339 1796 1879 1658 1861 1023 1428 1789 1767 1324 1116 1297 1279 1924 1820 1820 1402 1882 1051 1229 1111 1382 1246 1933 1040 1868 1991 1933 1665 1473 1374 1642 1908 1057 1063 1873 1539 1714 1424 1799 1904 1621 1832 1163 1409 1981 1930 1559 1145 1797 1903 1383 1923 1227 1745 1811 1692 1543 1985 1020 1343 BCNSPRNW ULIB Ver.6.0+V

เปลี่ยนเป็นภาษาไทย

Change to English
 แสดงรายละเอียดบรรณานุกรม
  กลับหน้าหลัก

Brief Record : Get Marc (ISO 2709) : E-mail record : QR code < ปิดหน้าต่าง
LEADER : 00000nam 2200000uu 4500
001    13399109700
003     ULIB
008    110408s2551||||th 000 0 tha d
020    9789748097138
060 04 WV200bล145ร 2552
100 0  ลลิดา เกษมสุวรรณ
245 10 โรคหูตามอาการและอาการแสดง /^cลลิดา เกษมสุวรรณ
250    พิมพ์ครั้งที่ 1
260    กรุงเทพฯ :^bเอ็ม.ที.เพรส,^c2551
300    [5], 175 หน้า :^bภาพประกอบ ;^c27 ซม.
650  2 Ear^xsymptomatology
650  2 Ear, Diseases
650  7 หู, โรค
650  7 หู^xอาการวิทยา
650  7 หู^xสรีรวิทยา
945    ^p240^l0^i026903
945    ^p240^l0^i026876
945    ^p240^l0^i026875
945    ^p240^l0^i026874
995    เกษร
999 ^a ใช้งานได้ทุกระบบ
รายการนี้ยังไม่มีแท็ก
คุณยังไม่ได้ล็อกอิน คุณสามารถมีกิจกรรมร่วมกับเว็บไซต์ได้ แต่ต้องล็อกอินก่อน ::
  ล็อกอิน

รายการสื่อสารสนเทศ

ลำดับที่ ประเภท เลขเรียก/บาร์โค้ด สถานที่ สถานะ
- ไม่พบข้อมูล -

รายการใกล้เคียง
    ผู้แต่ง [ลลิดา เกษมสุวรรณ]

    หัวเรื่อง [Ear, Diseases]
    หัวเรื่อง [หู, โรค]

BibComment


ยังไม่เคยถูกคอมเมนท์

คอมเมนท์ทรัพยากรรายการนี้
  คอมเมนท์: โรคหูตามอาการและอ..


 Copyright 2026. Bcnsprnw @Library